000 00803cam a22002531 4500
001 sa 67005205
003 DLC
005 20260227112354.0
008 760329s1966 pk b 001 0 eng
010 _asa 67005205
025 _aPL480:P-E-1176
035 _a(OCoLC)2077479
040 _aDLC
_cArCCA
_dOCoLC
_dDLC
050 0 0 _aDS33.3
_b.H3
082 0 0 _a327.5
100 1 _aHasan, K. Sarwar.
245 1 0 _aChina, India, Pakistan;
_cedited by K. Sarwar Hasan, with the cooperation of Khalida Qureshi.
260 _aKarachi,
_bPakistan Institute of International Affairs
_c[1966]
300 _axxvi, 441 p.
_c23 cm.
440 0 _aDocuments on the foreign relations of Pakistan
504 _aBibliography: p. xxv-xxvi.
651 0 _aAsia
_xPolitics and government.
700 1 _aQureshi, Khalida.
999 _c75027
_d75027